000 00670nam a2200181Ia 4500
008 090124s9999 xx 000 0 und d
082 _b44019
100 _aटिळेकर चंद्रसेन
245 _a गोष्टी अंधश्रध्देच्या
250 _a1
260 _bअनुबंध प्रकाशन
_c2005
300 _a96
600 _aटिळेकर चंद्रसेन
630 _a गोष्टी अंधश्रध्देच्या
700 _aटिळेकर चंद्रसेन
730 _a गोष्टी अंधश्रध्देच्या
942 _cBOOK
999 _c110250
_d110250